Knihy
Uloženo v:
LEADER 01597nam a2200433 a 4500
001 001116869
003 CZ BrMZK
005 20101102123857.0
007 ta
008 100920s2009 gw f 000 0 ger
020 |a 978-3-406-57759-8  |q (váz.) 
040 |a BOA001  |b cze 
043 |a e-gx--- 
045 |a y0y0 
072 7 |a 316.3  |x Globální společnosti. Sociální struktura. Sociální skupiny  |2 Konspekt  |9 18 
080 |a 28-726.6  |2 MRF 
080 |a 28-67  |2 MRF 
080 |a 316.4.063.3-054.72  |2 MRF 
080 |a 364-786  |2 MRF 
080 |a 308  |2 MRF 
080 |a (430)  |2 MRF 
080 |a (047)  |2 MRF 
100 1 |a Kermani, Navid,  |d 1967-  |7 ola2007419004  |4 aut 
245 1 0 |a Wer ist wir? :  |b Deutschland und seine Muslime /  |c Navid Kermani 
246 3 0 |a Deutschland und seine Muslime 
260 |a München :  |b C.H. Beck,  |c c2009 
300 |a 170 s. ;  |c 21 cm 
648 7 |a 21. století  |7 ch460559  |2 czenas 
650 0 7 |a muslimové  |7 ph123046  |z Německo  |y 21. stol.  |2 czenas 
650 0 7 |a islám a společnost  |7 ph297000  |z Německo  |y 21. stol.  |2 czenas 
650 0 7 |a muslimové  |7 ph123046  |x společenské postavení  |2 czenas 
650 0 7 |a integrace imigrantů  |7 ph164956  |z Německo  |y 21. stol.  |2 czenas 
650 0 7 |a sociální integrace  |7 ph125789  |z Německo  |y 21. stol.  |2 czenas 
655 7 |a monografie  |7 fd132842  |2 czenas 
651 7 |a Německo  |7 ge135889  |x sociální poměry  |y 21. stol.  |2 czenas 
910 2 |a BOA001  |b NK-0005.804 
990 |a BK 
991 |b 201011  |c NOV  |e n  |x 44 
996 7 |b 261D007804  |c NK-0005.804  |l Německá knihovna/2.patro  |r ZHR  |n 6  |p dar  |h P  |w 001145218  |u 000010  |a 0  |e BOA001  |j MZK50  |s A